logo

Bir Sreshtho Munshi Abdur Rouf Library
Jhenaidah Cadet College

প্রযুক্তি : (Record no. 9684)

MARC details
000 -LEADER
fixed length control field 00717nam a2200229 a 4500
001 - CONTROL NUMBER
JCCL Control Number 9684
003 - CONTROL NUMBER IDENTIFIER
JCCL marc code BD-JhCC
005 - DATE AND TIME OF LATEST TRANSACTION
control field 20180524103344.0
008 - FIXED-LENGTH DATA ELEMENTS--GENERAL INFORMATION
fixed length control field 180322s2002 bg |||| ||a| 000 0 b d
020 ## - INTERNATIONAL STANDARD BOOK NUMBER
International Standard Book Number 9844102804
035 ## - SYSTEM CONTROL NUMBER
system control number (BD-JhCC)9684
040 ## - CATALOGING SOURCE
Original cataloging agency BD-JhCC
Modifying agency BD-JhCC
041 ## - LANGUAGE CODE
Language code of Book ben
082 ## - DEWEY DECIMAL CLASSIFICATION NUMBER
Classification number 600
Author mark and Year IBR 2002
100 ## - MAIN ENTRY--PERSONAL NAME
Personal name ইব্রাহীম, মুহাম্মদ
245 ## - TITLE STATEMENT
Title প্রযুক্তি :
Remainder of title সনাতন থেকে আধুনিক /
Statement of responsibility, etc মুহাম্মদ ইব্রাহীম
260 ## - PUBLICATION, DISTRIBUTION, ETC. (IMPRINT)
Place of publication, distribution, etc ঢাকা:
Name of publisher, distributor, etc মাওলা ব্রাদার্স;
Date of publication, distribution, etc 2002.
300 ## - PHYSICAL DESCRIPTION
Pagination 54 p. :
Dimensions 24 cm.
651 ## - SUBJECT ADDED ENTRY--GEOGRAPHIC NAME
Geographic name Technology
942 ## - ADDED ENTRY ELEMENTS (KOHA)
Source of classification or shelving scheme Dewey Decimal Classification
Koha item type Books
Holdings
Source of classification or shelving scheme Damaged status Not for loan Home library Current library Shelving location Cost, normal purchase price Total Checkouts Full call number Barcode Date last seen Copy number Koha item type
Dewey Decimal Classification     JCC Rouf Library JCC Rouf Library General Stacks 80.00   600 IBR 2002 11813 03/22/2018 C - 1 Books

JCC Library | Contacts | JCC Home

Last Update on 23 September 2017
Copyright @ 2017-2020 JCC Rouf Library
Rouf Library, Jhenidah Cadet College (JCC), Bangladesh